Načítá se...
Dissident friendships : feminism, imperialism, and transnational solidarity /
Women enacting friendship across multiple borders Often perceived as unbridgeable, the boundaries that divide humanity from itself--whether national, gender, racial, political, or imperial--are rearticulated through friendship. Elora Halim Chowdhury and Liz Philipose edit a collection of essays tha...
| Další autoři: | , |
|---|---|
| Médium: | Printed Book |
| Jazyk: | English |
| Vydáno: |
Urbana:
University of Illinois Press,
c2016.
|
| Edice: | Dissident feminisms
|
| Témata: |
| LEADER | 02403cam a2200301 i 4500 | ||
|---|---|---|---|
| 008 | 160407s2016 ilu b 001 0 eng | ||
| 010 | |a 2016015338 | ||
| 020 | |a 9780252040412 (cloth : alk. paper) | ||
| 020 | |a 9780252081880 (pbk. : alk. paper) | ||
| 042 | |a pcc | ||
| 082 | 0 | 0 | |a 305.42 |2 23 |
| 245 | 0 | 0 | |a Dissident friendships : |b feminism, imperialism, and transnational solidarity / |c edited by Elora Halim Chowdhury and Liz Philipose. |
| 260 | |a Urbana: |b University of Illinois Press, |c c2016. | ||
| 300 | |a viii, 260 pages; |c 23 cm. | ||
| 490 | 0 | |a Dissident feminisms | |
| 500 | |a Contributors: Lori E. Amy, Azza Basarudin, Himika Bhattacharya, Kabita Chakma, Elora Halim Chowdhury, Laurie R. Cohen, Esha Niyogi De, Eglantina Gjermeni, Glen Hill, Alka Kurian, Meredith Madden, Angie Mejia, Chandra T. Mohanty, A. Wendy Nastasi, Nicole Nguyen, Liz Philipose, Anya Stanger, Shreerekha Subramanian, and Yuanfang Dai | ||
| 504 | |a Includes bibliographical references and index. | ||
| 520 | |a Women enacting friendship across multiple borders Often perceived as unbridgeable, the boundaries that divide humanity from itself--whether national, gender, racial, political, or imperial--are rearticulated through friendship. Elora Halim Chowdhury and Liz Philipose edit a collection of essays that express the different ways women forge hospitality in deference to or defiance of the structures meant to keep them apart. Emerging out of postcolonial theory, the works discuss instances when the authors have negotiated friendship's complicated, conflicted, and contradictory terrain; offer fresh perspectives on feminists' invested, reluctant, and selective uses of the nation; reflect on how the arts contribute to conversations about feminism, dissent, resistance, and solidarity; and unpack the details of transnational dissident friendships. | ||
| 650 | 0 | |a Female friendship. | |
| 650 | 0 | |a Feminism |x Political aspects. | |
| 650 | 0 | |a Solidarity. | |
| 700 | 1 | |a Chowdhury, Elora Halim, |e editor. | |
| 700 | 1 | |a Philipose, Liz, |e editor. | |
| 906 | |a 7 |b cbc |c orignew |d 1 |e ecip |f 20 |g y-gencatlg | ||
| 942 | |2 ddc |c BK | ||
| 955 | |b rm13 2016-04-07 |i rm13 2016-04-07 (telework) |a xn11 2016-11-17 1 copy rec'd., to CIP ver. | ||
| 999 | |c 178556 |d 178556 | ||
| 952 | |0 0 |1 0 |4 0 |6 305_420000000000000_DIS |7 0 |9 197852 |a WMS |b WMS |c GEN |d 2018-04-13 |e The Book Shop |i 1585 |l 0 |o 305.42 DIS |p WMS1585 |r 2018-04-13 |w 2018-04-13 |y BK |k 25.99P | ||